000 00331nam a22001217a 4500
008 190316b xxu||||| |||| 00| 0 eng d
041 _aeng
080 _a043.3
100 _a0
101 _aSHKI-BA
245 _aNdertimi i nje aplikacioni mobil per njohje dhe perkthim te teksteve ne objekte fizike
_cOsmonaj, I
942 _2udc
_cBK
999 _c54864
_d54864